000 00947cab a2200277 4500
001 ABS43160
008 090401t1990 xxu||||| |||| 00| 0 eng d
035 _a(Sirsi) u40609
041 _aeng
100 _aStubbings, B.J. et al
245 _aAppraisal of the structural adequacy of high-rise reinforced concrete domestic buildings in Hong Kong
260 _c1990
350 _a0
490 _aStructural Engineer
_v68(16) 21 August 1990, 317-326(10)
520 _aAlso against the background of Hong Kong `s multi-storey housing blocks, this second paper talks about methods of assessing the structural strength of the buildings. Diagrams and tables.
650 _aBUILDING DEFECTS
650 _aCONCRETE
650 _aHIGH RISE
650 _aLOAD
650 _aREINFORCEMENT
650 _aSTRENGTHENING
650 _aSTRUCTURAL SURVEY
690 _aBUILT ENVIRONMENT-BUILDING PATHOLOGY
942 _n0
948 _c04/03/1997
999 _c26020
_d26020